| 000 -LEADER |
| fixed length control field |
00718nam a22002057a 4500 |
| 005 - DATE AND TIME OF LATEST TRANSACTION |
| control field |
20260226111525.0 |
| 008 - FIXED-LENGTH DATA ELEMENTS--GENERAL INFORMATION |
| fixed length control field |
260226b ||||| |||| 00| 0 eng d |
| 020 ## - INTERNATIONAL STANDARD BOOK NUMBER |
| International Standard Book Number |
9781801300957 |
| 040 ## - CATALOGING SOURCE |
| Transcribing agency |
KH8 |
| 082 ## - DEWEY DECIMAL CLASSIFICATION NUMBER |
| Classification number |
823.00 |
| 100 ## - MAIN ENTRY--PERSONAL NAME |
| Personal name |
Ward,Carolyn |
| Relator term |
Author |
| 245 ## - TITLE STATEMENT |
| Title |
Bella Bright and the Ghost Game |
| 260 ## - PUBLICATION, DISTRIBUTION, ETC. |
| Place of publication, distribution, etc. |
20 Motimer Street,London, W1T3JW |
| Name of publisher, distributor, etc. |
Welbeck Flame |
| Date of publication, distribution, etc. |
2023 |
| 300 ## - PHYSICAL DESCRIPTION |
| Extent |
280 pages |
| Other physical details |
illustration |
| Dimensions |
13cm x 20cm |
| 520 ## - SUMMARY, ETC. |
| Summary, etc. |
A spooky middle-grade ghost story set on the night of Halloween. If Bella can't find her new friends before midnight in a terrifying game of hide and seek, -Library Thing- |
| 650 ## - SUBJECT ADDED ENTRY--TOPICAL TERM |
| Topical term or geographic name entry element |
Juvenile Fiction |
| Form subdivision |
Game |
| 655 ## - INDEX TERM--GENRE/FORM |
| Genre/form data or focus term |
Horror |
| 655 ## - INDEX TERM--GENRE/FORM |
| Genre/form data or focus term |
Friendship |
| 942 ## - ADDED ENTRY ELEMENTS (KOHA) |
| Source of classification or shelving scheme |
|
| Koha item type |
Books - Fiction |